000 00495nam a2200181Ia 4500
005 20250508152714.0
008 008 250505s9999 xx 000 0 eng d
037 _aTextual
040 _aFEDL
_beng
_cFEDL
041 _aeng
_2eng
084 _a709.397, DOV
_qFEDL
100 _aDover Cedric
_9762190
245 0 _aAmerican Negro art
260 _aBombay, India
_bAsia Publishing House
_c1960
300 _a186p.
942 _cTEXL
_h709.397, DOV
999 _c1338177
_d1338177